000 00608nam a22001697a 4500
003 MACL
005 20160719142652.0
008 160719b xxu||||| |||| 00| 0 eng d
040 _cMACL
041 _aHindi
082 _a590
100 _aमुखर्जी, धनगोपाल
_964724
245 _aचित्र - ग्रीव
_bएक कबूतर की कहानी
_cधनगोपाल मुखर्जी
260 _aनई दिल्‍ली
_bनेशनल बुक ट्रस्‍ट
_c2013
650 _aपक्षी जगत
_964725
942 _2ddc
_cHIN
999 _c54456
_d54456